Meilleurs buteurs de Ligue des Champions par année - Statistiques

Statistiques générales
  • Ce quiz a été pris 681 fois
    542 depuis la dernière actualisation
  • Le résultat moyen est 38 sur 92
Statistiques - réponses
Saison Joueur Nationalité Club % Correct
2007/08 Cristiano Ronaldo Portugal Manchester United
100%
2012/13 Cristiano Ronaldo Portugal Réal Madrid
100%
2013/14 Cristiano Ronaldo Portugal Réal Madrid
100%
Cristiano Ronaldo Portugal Réal Madrid
100%
2015/16 Cristiano Ronaldo Portugal Réal Madrid
100%
2016/17 Cristiano Ronaldo Portugal Réal Madrid
100%
2017/18 Cristiano Ronaldo Portugal Réal Madrid
100%
2008/09 Lionel Messi Argentine FC Barcelone
99%
2009/10 Lionel Messi Argentine FC Barcelone
99%
2010/11 Lionel Messi Argentine FC Barcelone
99%
2011/12 Lionel Messi Argentine FC Barcelone
99%
Lionel Messi Argentine FC Barcelone
99%
2018/19 Lionel Messi Argentine FC Barcelone
99%
2021/22 Karim Benzema France Réal Madrid
98%
2014/15 Neymar Brésil FC Barcelone
98%
2019/20 Robert Lewandowski Pologne Bayern Munich
97%
2006/07 Kaka Brésil AC Milan
92%
1998/99 Andriy Shevchenko Ukraine Dynamo Kiev
88%
2005/06 Andriy Shevchenko Ukraine AC Milan
88%
2020/21 Erling Haaland Norvège Borussia Dortmund
88%
Raul Espagne Réal Madrid
80%
2000/01 Raul Espagne Réal Madrid
80%
2001/02 Ruud Van Nistelrooy Pays-Bas Manchester United
75%
2002/03 Ruud Van Nistelrooy Pays-Bas Manchester United
75%
2004/05 Ruud Van Nistelrooy Pays-Bas Manchester United
75%
1994/95 George Weah Libéria Paris-Saint-Germain
67%
Jean-Pierre Papin France Olympique de Marseille
67%
Jean-Pierre Papin France Olympique de Marseille
67%
1991/92 Jean-Pierre Papin France Olympique de Marseille
67%
Rivaldo Brésil FC Barcelone
65%
1959/60 Ferenc Puskas Hongrie Réal Madrid
60%
Ferenc Puskas Hongrie Réal Madrid
60%
1997/98 Alessandro Del Piero Italie Juventus Turin
59%
1964/65 Eusébio Portugal Benfica Lisbonne
59%
1965/66 Eusébio Portugal Benfica Lisbonne
59%
1967/68 Eusébio Portugal Benfica Lisbonne
59%
1972/73 Gerd Müller Allemagne Bayern Munich
56%
1973/74 Gerd Müller Allemagne Bayern Munich
56%
Gerd Müller Allemagne Bayern Munich
56%
1976/77 Gerd Müller Allemagne Bayern Munich
56%
1988/89 Marco Van Basten Pays-Bas AC Milan
56%
Michel Platini France Juventus Turin
54%
1957/58 Alfredo Di Stefano Espagne Réal Madrid
52%
2003/04 Fernando Morientes Espagne AS Monaco
51%
1958/59 Just Fontaine France Stade de Reims
38%
1989/90 Romario Brésil PSV Eindhoven
37%
1992/93 Romario Brésil PSV Eindhoven
37%
1995/96 Jari Litmanen Finlande Ajax Amsterdam
36%
Ronald Koeman Pays-Bas FC Barcelone
24%
Rabah Madjer Algérie FC Porto
23%
Gheorghe Hagi Roumanie Steaua Bucarest
21%
1982/83 Paolo Rossi Italie Juventus Turin
21%
Dwight Yorke Trinidad-et-Tobago Manchester United
16%
1980/81 Karl-Heinz Rummenigge Allemagne Bayern Munich
16%
1968/69 Dennis Law Écosse Manchester United
12%
1999/00 Mario Jardel Brésil FC Porto
12%
José Augusto Torres Portugal Benfica Lisbonne
9%
1977/78 Allan Simonsen Danemark Borussia Monchengladbach
7%
Florián Albert Hongrie Ferencvaros
6%
Michel Espagne Réal Madrid
4%
Alessandro Mazzola Italie Inter Milan
3%
1981/82 Dieter Hoeness Allemagne Bayern Munich
2%
Graeme Souness Écosse Liverpool
2%
1960/61 José Aguas Portugal Benfica Lisbonne
2%
1962/63 José Altafini Italie AC Milan
2%
1975/76 Jupp Heynckes Allemagne Borussia Monchengladbach
2%
1996/97 Milinko Pantic Yougoslavie Atlético Madrid
2%
Rui Aguas Portugal Benfica Lisbonne
2%
1993/94 Winton Rufer Nouvelle-Zélande Werder Breme
2%
Ally McCoist Écosse Glasgow Rangers
1%
1956/57 Dennis Viollet Angleterre Manchester United
1%
Jean-Marc Ferreri France Girondins de Bordeaux
1%
1969/70 Mick Jones Angleterre Leeds United
1%
1955/56 Milos Milutinović Yougoslavie Partizan Belgrade
1%
1966/67 Paul Van Himst Belgique RSC Anderlecht
1%
Terry McDermott Angleterre Liverpool
1%
1970/71 Antónis Antoniádis Grèce Panathinaikos Athènes
0%
1986/87 Borislav Cvetkovic Yougoslavie Étoile Rouge Belgrade
0%
1978/79 Claudio Sulser Suisse Grasshoper Zurich
0%
1974/75 Eduard Markarov URSS Ararat Erevan
0%
Franco Cucinotta Italie FC Zurich
0%
1961/62 Heinz Strelh Allemagne FC Nuremberg
0%
Lou Macari Écosse Celtic Glasgow
0%
1987/88 Petar Novak Tchécoslovaquie Sparta Prague
0%
1990/91 Peter Pacult Autriche FC Tirol Innsbruck
0%
Sergueï Yuran Ukraine Benfica Lisbonne
0%
1971/72 Silvester Takač Yougoslavie Standard Liège
0%
1979/80 Søren Lerby Danemark Ajax Amsterdam
0%
1984/85 Torbjorn Nilsson Suède IFK Goteborg
0%
1985/86 Torbjorn Nilsson Suède IFK Goteborg
0%
1983/84 Viktor Sokol URSS Dynamo Minsk
0%
1963/64 Vladimir Kovačević Yougoslavie Partizan Belgrade
0%
Aucun quiz correspondant
Distribution des résultats
% des personnes avec chaque résultat
Percentile par nombre de réponses
Votre historique - résultats
Vous n’avez pas pris ce quiz depuis la dernière actualisation